| 000 | 00868cam a2200277 a 4500 | ||
|---|---|---|---|
| 008 | |||
| 020 | _a9780702031816 (hbk.) | ||
| 049 | _aMAIN | ||
| 090 |
_aRD539.8 _bONC |
||
| 245 | 0 | 0 |
_aOncoplastic surgery of the breast / _c[edited by] Maurice Y. Nahabedian. |
| 260 |
_a[St. Louis] : _bSaunders Elsevier, _c2009. |
||
| 300 |
_axiii, 178 p. : _bcol. ill. ; _c29 cm. |
||
| 500 | _aIncludes index. | ||
| 504 | _aIncludes bibliographical references. | ||
| 650 | 0 | _aMammaplasty. | |
| 650 | 0 |
_aBreast _xCancer _xPatients _xRehabilitation. |
|
| 650 | 1 | 2 |
_aBreast Neoplasms _xsurgery. |
| 650 | 1 | 2 |
_aMammaplasty _xmethods. |
| 650 | 2 | 2 | _aBreast Implants. |
| 700 | 1 | _aNahabedian, Maurice Y. | |
| 907 |
_a.b10382513 _b15-09-17 _c15-09-17 |
||
| 003 | |||
| 005 | 20230120204221.0 | ||
| 040 | _cNUST | ||
| 942 |
_cBOOKS _kRD539.8 _mONC |
||
| 999 |
_c119228 _d119228 |
||